[Event "HUN-chT Youth-Children 2018"]
[Site "Zalakaros"]
[Date "2018.07.28"]
[Round "5"]
[White "Kovacs, Judit"]
[Black "Krstulovic, Alex"]
[Result "0-1"]
[WhiteElo "2143"]
[BlackElo "2289"]
[Annotator "TA"]
[PlyCount "52"]
[EventDate "2018.07.26"]
[EventType "team-tourn"]
[EventCountry "HUN"]
[SourceTitle "playchess.com"]
[Source "ChessBase"]
[SourceQuality "1"]

{[%evp 14,52,9,4,34,25,31,31,35,2,29,0,0,0,32,33,55,0,0,-202,-208,-225,-205,-275,-136,-122,-112,-99,-98,-115,-110,-221,-215,-197,-165,-166,-166,-602,-602,-600,-589]} 1. d4 d5 2. c4 c6 3. Nf3 Nf6 4. Qc2 dxc4 5. Qxc4 Bg4 6. Nc3 {D23: Queen's Gambit Accepted: 3 Nf3 Nf6 sidelines} (6. Nbd2 Nbd7 7. g3 e6 8. Bg2 Be7 9. O-O O-O 10. b3 Qa5 11. Bb2 Rac8 12. Rfd1 Rfd8 13. h3 Bh5 14. Qc1 {0-1 (56) Le,Q (2737)-Mamedov,R (2709) Riadh 2017}) 6... Nbd7 7. Bf4 Nb6 8. Qd3 $1 {LiveBook: 6 Games. The position is equal.} Nfd5 9. Nxd5 Nxd5 10. Bd2 e6 11. a3 $146 ({Predecessor:} 11. e4 Bxf3 12. gxf3 Nb6 13. Be2 g6 {½-½ (45) Sutkus,V (2418)-Shulman,B (2416) ICCF email 2015}) 11... Nf6 (11... Bxf3 $5 12. gxf3 Qh4 $11) 12. e4 Bxf3 13. gxf3 Qb6 14. O-O-O Rd8 15. Bc3 (15. Be3 $14) 15... Bd6 16. e5 $2 {[#]} (16. Qc2 $11 Bf4+ 17. Kb1) 16... Bxe5 $1 $19 {[%mdl 512]} 17. Qe3 (17. dxe5 Rxd3) 17... Bd6 18. Qg5 {[#]} Ke7 (18... Nd5 $1 $19 19. Kc2 g6) 19. d5 $17 {Hoping for dxe6.} cxd5 {White must now prevent ...Rc8.} 20. Qxg7 Bf4+ 21. Kb1 {[#]} d4 $1 {[%cal Rd4c3]} ({But not} 21... Nh5 $2 22. Qg4 $18) 22. Rxd4 (22. Bb4+ $17 Bd6 23. Bxd6+ Qxd6 24. Qh6) 22... Rxd4 $19 23. Qxh8 Rd1+ 24. Ka2 Nd5 25. Rg1 $2 (25. Bg7 Qd8 26. Qxh7) 25... e5 26. Qc8 Rc1 {Precision: White = 38%, Black = 42%.} 0-1

[Event "HUN-chT Youth-Children 2018"]
[Site "Zalakaros"]
[Date "2018.07.28"]
[Round "5"]
[White "Pogany, Zsombor"]
[Black "Horvath, Balazs"]
[Result "1-0"]
[WhiteElo "2081"]
[BlackElo "2039"]
[Annotator "NA RC"]
[PlyCount "97"]
[EventDate "2018.07.26"]
[EventType "team-tourn"]
[EventCountry "HUN"]
[SourceTitle "playchess.com"]
[Source "ChessBase"]
[SourceQuality "1"]
[TimeControl "5400+30"]

1. b3 {[%emt 0:00:00]} e5 {[%emt 0:01:07]} 2. Bb2 {[%emt 0:00:00]} Nc6 {[%emt 0:00:11]} 3. e3 {[%emt 0:00:00]} d5 {[%emt 0:01:27]} 4. Bb5 {[%emt 0:00:09]} Bd6 {[%emt 0:00:57]} 5. f4 {[%emt 0:00:14]} Qe7 {[%emt 0:20:49]} (5... f6 $15) 6. Nf3 {[%emt 0:02:41]} Bg4 {[%emt 0:13:45]} 7. fxe5 {[%emt 0:02:46] A01: Nimzowitsch-Larsen Opening} Bxe5 {[%emt 0:05:31] LiveBook: 9 Games} 8. Nxe5 $2 {[%emt 0:16:04]} (8. Bxe5 $11 Bxf3 9. Qxf3 Qxe5 10. d4 (10. Nc3 Nf6 11. O-O O-O 12. Bxc6 bxc6 13. Qf4 Qe7 14. Rf3 Ne4 15. Nxe4 dxe4 16. Rf2 {1-0 (39) Rapport,R (2687)-Antipov,M (2511) Warsaw 2013})) 8... Bxd1 {[%emt 0:01:15]} 9. Nxc6 {[%emt 0:00:08] [#]} Qh4+ $146 {[%emt 0:23:40]} ({Weaker is} 9... bxc6 10. Bxc6+ Kd8 11. Bxa8 $11) ({Predecessor:} 9... Qg5 $1 $17 {[%cal Rg5g2]} 10. O-O Nh6 11. Nxa7+ (11. Rxd1 a6 12. Ba4 b5 13. Nc3 bxa4 14. e4 O-O 15. Nxd5 {½-½ (23) Oliveira,C (2059)-Baptista,A (2025) Vila Real 2005}) 11... Ke7 12. Rxd1 Rxa7) 10. Kxd1 {[%emt 0:02:23]} a6 {[%emt 0:05:47]} 11. Be2 {[%emt 0:04:53]} Nf6 {[%emt 0:10:35]} ({Besser ist} 11... Qg5 $11 12. Ne5 Nf6) 12. Ne5 {[%emt 0:05:05]} Ne4 {[%emt 0:02:42]} 13. Nd3 {[%emt 0:08:14]} (13. Nf3 $14 Qh6 14. Rf1) 13... O-O-O {[%emt 0:05:05]} (13... Ng3 $5 {[%cal Rg3h1]} 14. Re1 Nxe2 15. Rxe2 Qxh2 16. Bxg7 Rg8 $15) 14. Bf3 {[%emt 0:05:59]} ({But not} 14. Bxg7 Rhg8 $15) 14... f6 {[%emt 0:00:55]} 15. g3 {[%emt 0:02:46]} Qh3 {[%emt 0:00:39]} 16. Nc3 {[%emt 0:03:52]} Nxc3+ $2 {[%emt 0:00:27]} (16... Qf5 $11 17. Ke2 Nxd2 18. Bxd5 Rxd5 19. Nxd5 Qxd5 20. Kxd2 Qg2+ 21. Kc3 Qc6+ 22. Kd2 Qg2+ 23. Kc3 Qc6+ 24. Kd2 Qg2+) 17. Bxc3 {[%emt 0:00:18]} ({Doch nicht} 17. dxc3 $6 Rhe8 $11) 17... Qd7 {[%emt 0:02:13]} 18. Kc1 {[%emt 0:03:28]} b6 {[%emt 0:01:17]} 19. Kb2 {[%emt 0:01:46]} (19. a4 $18) 19... a5 {[%emt 0:00:25]} 20. Nf4 {[%emt 0:00:40]} c6 {[%emt 0:00:21]} 21. Raf1 Kb7 {[%emt 0:01:02]} 22. h4 {[%emt 0:03:53]} Rhf8 {[%emt 0:00:27]} 23. h5 {[%emt 0:00:24]} h6 {[%emt 0:00:36]} 24. Ng6 {[%emt 0:01:42]} Rfe8 {[%emt 0:00:09]} 25. g4 {[%emt 0:00:18]} Ka7 {[%emt 0:00:25]} 26. Nh4 {[%emt 0:00:35]} c5 {[%emt 0:00:16]} 27. Nf5 {[%emt 0:00:17]} Rc8 {[%emt 0:00:45]} 28. a4 {[%emt 0:00:38]} Red8 {[%emt 0:00:30]} 29. Be2 {[%emt 0:00:25]} c4 {[%emt 0:00:12]} 30. Nd4 {[%emt 0:00:55]} Re8 {[%emt 0:00:29]} 31. Rf5 {[%emt 0:01:34]} Red8 {[%emt 0:00:36]} 32. Nb5+ {[%emt 0:01:34]} Ka6 {[%emt 0:00:24]} 33. Bd4 {[%emt 0:01:11]} Rc6 {[%emt 0:00:35]} 34. Nc3 {[%emt 0:00:59]} Qf7 {[%emt 0:00:29]} 35. Rhf1 {[%emt 0:01:51]} Qe6 {[%emt 0:00:29]} 36. Bf3 {[%emt 0:00:52]} Rcd6 {[%emt 0:00:23]} 37. Nb5 {[%emt 0:00:25]} Rc6 {[%emt 0:00:12]} 38. Bc3 {[%emt 0:01:02]} Rcc8 {[%emt 0:00:22]} 39. Be2 {[%emt 0:02:04]} Rd7 {[%emt 0:00:36]} 40. R1f4 {[%emt 0:00:20]} Kb7 {[%emt 0:00:39]} 41. Rd4 {[%emt 0:00:47]} Kb8 {[%emt 0:00:13]} 42. Bf3 {[%emt 0:00:31]} Rcd8 {[%emt 0:00:06]} 43. Ka2 {[%emt 0:01:16]} Qf7 {[%emt 0:01:21]} 44. Bb2 {[%emt 0:00:30]} cxb3+ {[%emt 0:00:42]} 45. cxb3 {[%emt 0:00:09]} Qe7 {[%emt 0:01:05]} 46. Ba3 {[%emt 0:00:25]} Qe6 {[%emt 0:00:11]} 47. Nc3 {[%emt 0:00:33]} Rc8 {[%emt 0:00:53]} 48. Nxd5 $18 {[%emt 0:03:44]} Rc2+ {[%emt 0:00:37]} 49. Bb2 {[%emt 0:01:35]} 1-0

[Event "HUN-chT Youth-Children 2018"]
[Site "Zalakaros"]
[Date "2018.07.28"]
[Round "5"]
[White "Pasztor, Balazs"]
[Black "Kovacs, Gabor Etele"]
[Result "0-1"]
[WhiteElo "2072"]
[BlackElo "1999"]
[Annotator "NA RC"]
[PlyCount "92"]
[EventDate "2018.07.26"]
[EventType "team-tourn"]
[EventCountry "HUN"]
[SourceTitle "playchess.com"]
[Source "ChessBase"]
[SourceQuality "1"]
[TimeControl "5400+30"]

{[%evp 9,92,22,41,25,24,39,32767,32767,32767,49,31,41,43,31,47,22,18,37,15,2,0,2,0,-58,-28,-25,-34,-11,32767,-13,-16,-24,-2,-10,-31,-31,-23,-42,32767,32767,32767,32767,-49,32767,-39,32767,32767,32767,32767,-47,-35,-43,-19,-40,32767,-90,-98,-183,-105,-132,32767,32767,32767,32767,32767,-358,32767,32767,32767,32767,32767,32767,32767,32767,32767,32767,-1222,32767,-1091,-1120,-1291,-29993,-29994,32767,-29995]} 1. e4 {[%emt 0:00:00]} Nf6 {[%emt 0:00:12]} 2. e5 {[%emt 0:00:07]} Nd5 {[%emt 0:00:03]} 3. c4 {[%emt 0:00:19]} Nb6 {[%emt 0:00:02]} 4. d4 {[%emt 0:00:25]} d6 {[%emt 0:00:08]} 5. exd6 {[%emt 0:00:29]} cxd6 {[%emt 0:00:03]} 6. Nc3 {[%emt 0:01:12]} g6 {[%emt 0:00:15]} 7. Be3 {[%emt 0:00:54]} Bg7 {[%emt 0:00:14]} 8. Rc1 {[%emt 0:01:09]} O-O {[%emt 0:00:22]} 9. b3 {[%emt 0:06:00]} Bf5 {[%emt 0:00:32]} 10. h3 {[%emt 0:03:45] B03: Alekhine's Defence: Four Pawns Attack} (10. d5 e5 11. dxe6 Bxe6 12. Nge2 d5 13. c5 Nc6 14. Nd4 Bxd4 15. Bxd4 Re8 16. cxb6 Qh4 17. Ne2 axb6 {1-0 (38) Xiong,J (2618)-Kamsky,G (2678) Saint Louis 2016 CBM 172 [Mekhitarian,K]}) 10... d5 {[%emt 0:10:23]} 11. c5 {[%emt 0:03:28]} Nc8 {[%emt 0:00:22]} 12. Nf3 {[%emt 0:09:54]} Nc6 {[%emt 0:01:49]} 13. Be2 {[%emt 0:04:14]} Be4 {[%emt 0:06:36] LiveBook: 8 Games} 14. O-O {[%emt 0:05:32]} Bxf3 {[%emt 0:00:53]} 15. Bxf3 {[%emt 0:00:47]} e6 {[%emt 0:00:02]} 16. g3 $146 {[%emt 0:09:46]} (16. Ne2 $11) ({Predecessor:} 16. Qd2 N8e7 17. Ne2 Nf5 {0-1 (54) Frackowiak,O (2083)-Schlawin,M (2225) Greifswald 2002}) 16... N8e7 {[%emt 0:02:44]} 17. Ne2 {[%emt 0:04:49]} Nf5 {[%emt 0:05:53]} 18. Qd2 {[%emt 0:08:21]} Qf6 {[%emt 0:06:42]} 19. Rcd1 {[%emt 0:12:48]} a5 {[%emt 0:25:59]} 20. Bg2 {[%emt 0:07:39]} Nxe3 {[%emt 0:03:00]} 21. fxe3 {[%emt 0:01:30]} Qd8 {[%emt 0:03:10]} 22. Nc3 {[%emt 0:02:36]} b6 {[%emt 0:07:38]} 23. Na4 {[%emt 0:05:26]} bxc5 {[%emt 0:05:05]} 24. Nxc5 {[%emt 0:01:10]} Ra7 {[%emt 0:02:42]} 25. a3 {[%emt 0:04:19]} Qb8 {[%emt 0:03:26]} 26. g4 {[%emt 0:01:30]} Rc8 {[%emt 0:03:01]} 27. Rb1 {[%emt 0:01:39]} Qb6 {[%emt 0:02:11]} 28. Rfc1 {[%emt 0:02:42]} Bh6 {[%emt 0:02:39]} 29. h4 {[%emt 0:01:42]} Bf8 {[%emt 0:00:56]} 30. b4 {[%emt 0:00:38]} axb4 {[%emt 0:00:16]} 31. axb4 {[%emt 0:00:14]} Rca8 {[%emt 0:00:16]} 32. b5 {[%emt 0:01:08] [#]} Ne5 $1 {[%emt 0:03:20]} 33. Na6 {[%emt 0:01:23]} Nc4 {[%emt 0:01:22]} (33... Nxg4 $19 {has better winning chances.} 34. Bh3 Nf6) 34. Rxc4 {[%emt 0:00:41]} dxc4 {[%emt 0:00:01]} 35. Bxa8 {[%emt 0:00:46]} Rxa8 {[%emt 0:00:06]} 36. Qa2 {[%emt 0:00:35]} c3 {[%emt 0:01:19]} 37. Qb3 {[%emt 0:00:24]} e5 {[%emt 0:00:29]} 38. Rf1 {[%emt 0:00:50]} Ra7 {[%emt 0:00:41]} 39. Qxc3 {[%emt 0:00:26]} Qxb5 {[%emt 0:00:29]} 40. Nc5 {[%emt 0:00:22]} Qe2 {[%emt 0:00:50]} 41. Rf2 {[%emt 0:00:50]} Qxg4+ {[%emt 0:00:18]} 42. Kf1 {[%emt 0:00:22]} Qxh4 {[%emt 0:01:01]} 43. Qb2 {[%emt 0:00:42]} exd4 {[%emt 0:01:02]} 44. exd4 {[%emt 0:00:29]} Re7 $19 {[%emt 0:00:25]} (44... Bxc5 $142 45. dxc5 Qh1+ 46. Ke2 Re7+ 47. Kd3 Rd7+ 48. Kc3 Qe1+ 49. Qd2 Rxd2 50. Rxd2 Qe3+ 51. Rd3 Qxc5+ 52. Kb3 h5) 45. Kg2 {[%emt 0:00:29]} Qg4+ {[%emt 0:00:30]} 46. Kh2 {[%emt 0:00:31]} Re3 {[%emt 0:00:16]} 0-1

[Event "HUN-chT Youth-Children 2018"]
[Site "Zalakaros"]
[Date "2018.07.28"]
[Round "5"]
[White "Pasti, Aron"]
[Black "Turcsanyi, Vince Gergo"]
[Result "1-0"]
[WhiteElo "2069"]
[BlackElo "1639"]
[Annotator "NA RC"]
[PlyCount "75"]
[EventDate "2018.07.26"]
[EventType "team-tourn"]
[EventCountry "HUN"]
[SourceTitle "playchess.com"]
[Source "ChessBase"]
[SourceQuality "1"]
[TimeControl "5400+30"]

{[%evp 8,68,51,32767,32767,32767,32767,32767,32767,32767,77,54,95,82,89,79,32767,82,72,70,38,31,45,35,23,-117,-98,32767,32767,32767,-205,-210,-235,-92,-192,32767,32767,-765,-352,-338,0,0,302,366,32767,32767,1305,32767,32767,32767,32767,32767,32767,653,674,32767,32767,32767,1354,1120,29989,32767,29987]} 1. e4 {[%emt 0:00:00]} e5 {[%emt 0:00:06]} 2. Nf3 {[%emt 0:00:00]} Nc6 {[%emt 0:00:12]} 3. Bb5 {[%emt 0:00:00]} a6 {[%emt 0:00:37]} 4. Ba4 {[%emt 0:00:00]} d6 {[%emt 0:00:22] LiveBook: 3832 Games} 5. c3 {[%emt 0:01:00]} b5 {[%emt 0:00:13]} 6. Bc2 {[%emt 0:00:04] C74: Spanische Partie (Moderne Steinitz-Verteidigung)} g6 {[%emt 0:00:17]} 7. d4 {[%emt 0:01:42]} (7. a4 Rb8 8. axb5 axb5 9. O-O Bg7 10. h3 Nf6 11. d4 O-O 12. Re1 Bb7 13. Bg5 {½-½ (31) Dominguez Perez,L (2713)-Ponomariov,R (2737) Nice 2010}) 7... Bg7 {[%emt 0:00:51]} 8. h3 {[%emt 0:00:28]} h6 {[%emt 0:01:51]} 9. O-O {[%emt 0:00:32]} Nge7 {[%emt 0:00:46]} 10. dxe5 $146 {[%emt 0:00:51]} ({Vorgänger:} 10. a4 bxa4 11. Bxa4 O-O 12. dxe5 dxe5 13. Qe2 {½-½ (43) Kartal,K (2010)-Gulden,E (2180) Antalya 2017}) 10... Nxe5 {[%emt 0:02:13]} 11. Nxe5 {[%emt 0:00:10]} Bxe5 {[%emt 0:00:13]} 12. f4 {[%emt 0:00:05]} Bf6 {[%emt 0:09:41]} 13. f5 {[%emt 0:27:55]} g5 {[%emt 0:00:47]} 14. Be3 {[%emt 0:01:35]} Nc6 {[%emt 0:05:10]} 15. Bb3 {[%emt 0:00:45]} Bb7 {[%emt 0:02:54]} 16. Bd4 $2 {[%emt 0:10:56]} (16. Qh5 $14 {behält die Oberhand.} Ne5 17. Nd2) 16... Nxd4 {[%emt 0:00:29]} 17. cxd4 {[%emt 0:00:05]} c5 {[%emt 0:01:10]} 18. dxc5 {[%emt 0:08:17]} Bxb2 {[%emt 0:12:11]} 19. Nd2 {[%emt 0:01:30]} Bxa1 {[%emt 0:01:00]} ({But not} 19... dxc5 20. Bxf7+ Kf8 21. Bd5 $17) 20. Qxa1 {[%emt 0:00:02]} O-O {[%emt 0:00:50]} 21. cxd6 {[%emt 0:00:47]} Qxd6 {[%emt 0:00:18]} 22. Re1 $2 {[%emt 0:16:04]} (22. Rf2 Rae8 23. Re2) 22... Rad8 {[%emt 0:17:03]} (22... Qxd2 $142 23. Kh1 Rac8) 23. Nf3 {[%emt 0:00:08]} Qf4 $2 {[%emt 0:02:06]} (23... Rfe8 $19 24. Qb1 Qc6) 24. Qf6 {[%emt 0:01:15]} Rd6 $2 {[%emt 0:02:08]} (24... Qd6 $11 25. Be6 Kh7) 25. Qe7 {[%emt 0:00:57]} Bc6 {[%emt 0:05:07]} 26. Ne5 {[%emt 0:00:22]} Rd7 {[%emt 0:06:37]} 27. Nxd7 {[%emt 0:00:11]} Bxd7 {[%emt 0:00:01]} 28. Qxd7 {[%emt 0:00:07]} Qg3 {[%emt 0:00:20]} 29. Qd2 {[%emt 0:00:31]} Qe5 {[%emt 0:01:17]} 30. Qd5 {[%emt 0:02:09]} Qc3 {[%emt 0:00:20]} 31. Rd1 {[%emt 0:00:16]} g4 {[%emt 0:02:24]} 32. Qd4 {[%emt 0:00:16]} Qc7 {[%emt 0:01:23]} 33. hxg4 {[%emt 0:00:22]} Qg3 {[%emt 0:00:29]} 34. e5 {[%emt 0:00:13]} Kh7 {[%emt 0:00:47]} 35. f6 Kh8 {[%emt 0:00:34]} 36. Bc2 {[%emt 0:01:31]} Rg8 {[%emt 0:00:22]} 37. Qd3 {[%emt 0:00:33]} Qxd3 {[%emt 0:00:36]} 38. Rxd3 {[%emt 0:00:16]} 1-0

[Event "HUN-chT Youth-Children 2018"]
[Site "Zalakaros"]
[Date "2018.07.28"]
[Round "5"]
[White "Diller, Denis"]
[Black "Dibusz, Domonkos"]
[Result "1/2-1/2"]
[WhiteElo "2057"]
[BlackElo "2076"]
[Annotator "NA RC"]
[PlyCount "96"]
[EventDate "2018.07.26"]
[EventType "team-tourn"]
[EventCountry "HUN"]
[SourceTitle "playchess.com"]
[Source "ChessBase"]
[SourceQuality "1"]
[TimeControl "5400+30"]

{[%evp 8,66,29,32767,24,18,33,32767,32767,32,33,32767,28,11,33,16,67,12,72,60,87,44,44,46,104,109,115,103,165,154,164,156,153,145,175,176,172,182,239,197,227,206,220,218,222,245,235,0,216,245,234,236,242,32767,32767,245,233,247,32767,234,272]} 1. d4 {[%emt 0:00:00]} Nf6 {[%emt 0:00:27]} 2. c4 {[%emt 0:00:00]} e6 {[%emt 0:00:34]} 3. Nf3 {[%emt 0:00:00]} Bb4+ {[%emt 0:00:11]} 4. Bd2 {[%emt 0:01:21]} a5 {[%emt 0:00:05] LiveBook: 2462 Games} 5. a3 {[%emt 0:00:47]} Bxd2+ {[%emt 0:01:22]} 6. Nbxd2 {[%emt 0:00:32]} d5 {[%emt 0:00:31]} 7. e3 {[%emt 0:00:04] E11: Bogo-Indian} b6 {[%emt 0:01:05]} (7... a4 8. Bd3 O-O 9. O-O c5 10. dxc5 Nbd7 11. b4 axb3 12. Nxb3 dxc4 13. Bxc4 Qe7 14. Qd4 e5 {1-0 (80) Gretarsson,H (2559)-Tan,J (2417) Benasque 2015}) 8. Bd3 {[%emt 0:02:14]} Bb7 {[%emt 0:00:07]} 9. O-O {[%emt 0:00:12]} O-O {[%emt 0:01:42]} 10. Qc2 {[%emt 0:01:50]} Nbd7 {[%emt 0:01:33]} 11. b4 c5 ({Black should try} 11... dxc4 $11 12. Qxc4 c5) 12. bxc5 {[%emt 0:04:16]} bxc5 {[%emt 0:05:36]} 13. cxd5 {[%emt 0:00:36]} exd5 {[%emt 0:00:12]} 14. dxc5 $146 {[%emt 0:01:43]} ({Predecessor:} 14. Rab1 Ba6 15. Bxa6 Rxa6 16. dxc5 {½-½ (35) Liedl,W (2230)-Thaler,H Austria 1995}) 14... Rc8 {[%emt 0:01:56]} 15. Nb3 {[%emt 0:00:50]} a4 {[%emt 0:00:35]} 16. Nbd4 {[%emt 0:00:10]} Nxc5 {[%emt 0:00:52] [#]} 17. Bf5 $1 {[%emt 0:00:45]} Nb3 {[%emt 0:17:04]} (17... Nfd7 $16) 18. Bxc8 {[%emt 0:00:08]} Nxa1 {[%emt 0:00:04]} 19. Rxa1 {[%emt 0:00:29]} Qxc8 {[%emt 0:00:08]} 20. Qxa4 {[%emt 0:00:38]} Qc3 {[%emt 0:00:16]} 21. Rb1 {[%emt 0:01:51]} Bc8 {[%emt 0:07:18]} 22. Qb4 {[%emt 0:04:03]} Qd3 {[%emt 0:03:39]} (22... Qc4 $142 23. Ne5 Qa2) 23. a4 {[%emt 0:03:39]} Re8 {[%emt 0:01:49]} 24. a5 {[%emt 0:10:12]} Ba6 {[%emt 0:03:01]} 25. h3 {[%emt 0:18:39]} h6 $1 $11 {[%emt 0:00:18]} 26. Nc6 {[%emt 0:09:33]} Ne4 {[%emt 0:03:13]} 27. Ncd4 $2 {[%emt 0:07:40]} ({White should try} 27. Qb2 $18) 27... Nc3 $2 {[%emt 0:05:36]} 28. Rc1 {[%emt 0:05:02]} Ne4 {[%emt 0:04:04] [#]} 29. Ne5 $1 {[%emt 0:05:08]} Qd2 {[%emt 0:03:03]} 30. Qxd2 {[%emt 0:00:04]} Nxd2 {[%emt 0:00:01]} 31. Nec6 {[%emt 0:02:54]} Kf8 {[%emt 0:03:01]} 32. Rd1 {[%emt 0:00:51]} Nc4 {[%emt 0:00:53]} 33. Rb1 {[%emt 0:00:15]} Rc8 $18 {[%emt 0:02:29]} 34. Nb8 {[%emt 0:03:47]} Nd2 {[%emt 0:05:24]} 35. Rd1 {[%emt 0:01:01]} Rxb8 {[%emt 0:01:10]} 36. Rxd2 {[%emt 0:00:05]} Rb1+ {[%emt 0:00:55]} 37. Kh2 {[%emt 0:00:26]} Ra1 {[%emt 0:00:31]} 38. Nb3 {[%emt 0:00:23]} Ra3 {[%emt 0:00:29]} 39. Nc5 {[%emt 0:00:39]} Bc4 {[%emt 0:01:01]} 40. Nb7 {[%emt 0:00:45]} Ba6 {[%emt 0:00:43]} 41. Nc5 {[%emt 0:00:25]} Bc4 {[%emt 0:00:08]} 42. Nd7+ {[%emt 0:01:58]} Ke8 {[%emt 0:01:16]} 43. Nb6 {[%emt 0:00:11]} Rxa5 {[%emt 0:00:19]} 44. e4 {[%emt 0:00:05]} Rb5 {[%emt 0:00:59]} 45. Nxd5 {[%emt 0:00:07]} Bxd5 {[%emt 0:00:15]} 46. exd5 {[%emt 0:00:54]} Kd7 {[%emt 0:00:08]} 47. Kg3 {[%emt 0:00:10]} Kd6 {[%emt 0:00:34]} 48. f3 {[%emt 0:00:19]} Ke5 1/2-1/2

[Event "HUN-chT Youth-Children 2018"]
[Site "Zalakaros"]
[Date "2018.07.28"]
[Round "5"]
[White "Kelemen, David"]
[Black "Czupor, Attila"]
[Result "1-0"]
[WhiteElo "2055"]
[BlackElo "2239"]
[Annotator "TA"]
[PlyCount "99"]
[EventDate "2018.07.26"]
[EventType "team-tourn"]
[EventCountry "HUN"]
[SourceTitle "playchess.com"]
[Source "ChessBase"]
[SourceQuality "1"]

{[%evp 18,99,24,33,36,37,39,32,37,16,27,19,14,10,35,18,31,25,64,16,62,55,35,71,139,150,272,227,248,224,224,220,218,209,433,167,389,235,184,137,212,220,208,212,237,220,228,207,247,253,343,340,543,518,522,535,524,503,502,473,555,526,339,612,833,627,597,587,1284,1076,2787,2516,29975,29975,29973,29959,29972,29973,29970,29971,12836,29941,29996,29997]} 1. e4 e5 2. Nf3 Nc6 3. Bb5 a6 4. Ba4 Nge7 5. c3 g6 6. d4 {C70: Spanische Partie (Abweichung im 4. Zug)} exd4 7. cxd4 Bg7 8. d5 b5 9. Bb3 Na5 10. Bd2 {LiveBook: 71 Partien} c5 11. Bc3 Bxc3+ 12. Nxc3 d6 13. O-O Bg4 14. h3 $146 Bxf3 $1 15. Qxf3 O-O 16. Rfe1 $36 {[%mdl 2048] Schwarz steht unter Druck.} b4 17. Ne2 Kg7 18. Rad1 Ng8 19. Ba4 Qf6 20. Qg3 Qxb2 ({Besser ist} 20... Nc4) 21. Qxd6 $16 Qxa2 (21... Rac8 $16 {ist eine bessere Verteidigung.}) 22. Ra1 $18 ({Weniger gut wäre} 22. Qxc5 Qxa4 23. Ra1 Qb5 $14) 22... Qc4 23. Qb6 Nb3 24. Bxb3 $1 Qxb3 25. Qxc5 {Droht stark Dd4+.} Rfb8 $2 {[#]} (25... Qd3 26. Qxb4 Rfb8 27. Qd4+ Qxd4 28. Nxd4 Nf6) 26. Nd4 $2 (26. Qd4+ f6 27. Rec1) 26... Qb2 $2 (26... Qc3 27. Qxc3 bxc3) 27. Nc6 Rb5 28. Qc4 Nf6 (28... Qc3 $16 {war nötig.} 29. Qxc3+ bxc3) 29. Reb1 Qd2 30. Rxb4 Rxb4 31. Nxb4 Re8 32. f3 {[%cal Bf2f3,Bf3f4][%mdl 32]} Rb8 33. Nd3 a5 34. e5 Nxd5 (34... Nh5 $142 35. e6 Rb7) 35. Qxd5 Rb2 {[%csl Gb2][%cal Rd2g2] [#]} 36. f4 Qe3+ 37. Kh2 Rd2 38. Ra3 Rd1 39. Qf3 Qg1+ 40. Kg3 Rd2 41. Nf2 h5 {Droht ...h4+.} 42. h4 Qe1 43. Re3 Qb1 44. e6 fxe6 45. Rb3 Qa1 46. Rb7+ Kh6 47. Qe3 Qd4 48. Qxd4 Rxd4 49. Nh3 e5 50. Ng5 {Precision: Weiß = 78%, Schwarz = 31%.} 1-0

[Event "HUN-chT Youth-Children 2018"]
[Site "Zalakaros"]
[Date "2018.07.28"]
[Round "5"]
[White "Virag, Balint"]
[Black "Vanczak, Tamas"]
[Result "0-1"]
[WhiteElo "2051"]
[BlackElo "2339"]
[Annotator "TA"]
[PlyCount "62"]
[EventDate "2018.07.26"]
[EventType "team-tourn"]
[EventCountry "HUN"]
[SourceTitle "playchess.com"]
[Source "ChessBase"]
[SourceQuality "1"]

{[%evp 29,62,0,29,-91,-89,-86,-65,-113,-98,-95,-90,-91,-111,-104,-114,-78,-99,-97,-56,-87,-59,-75,-62,-260,-252,-252,-256,-256,-262,-4882,-4882,-5635,-5450,-5402,-5402]} 1. e4 c5 2. Nf3 Nc6 3. d4 cxd4 4. Nxd4 Nf6 5. Nc3 e5 6. Ndb5 d6 7. Bg5 a6 8. Na3 b5 9. Nd5 Be7 10. Bxf6 Bxf6 11. c3 Bg5 12. Nc2 Rb8 13. a4 bxa4 14. Ncb4 Nxb4 15. Nxb4 Bd7 $1 {LiveBook: 60 Partien. Weiss muss nun ...a5 beachten. B33: Sizilianisch (Lasker/Pelikan/Sweschnikow-Variante)} 16. Qxd6 {[#]} (16. Bxa6 $11 O-O 17. O-O) (16. Bxa6 Qa5 17. Qxd6 Rb6 18. Qd3 Be7 19. Nd5 Rxb2 20. O-O Qc5 21. c4 Rb3 22. Qe2 Bd6 23. Bb5 Bxb5 24. cxb5 Qxb5 {½-½ (34) Dominguez Perez,L (2734)-Grischuk,A (2780) Khanty-Mansiysk 2015 CBM 167 [Marin,M]}) 16... Be7 $1 $17 {[%cal Re7d6]} 17. Qxe5 O-O {Schwarz steht besser.} 18. Bxa6 Bxb4 19. cxb4 Qb6 20. Bd3 $146 ({Vorgänger:} 20. b5 Rfe8 21. Qd5 Qa5+ 22. Kf1 Bxb5+ 23. Bxb5 Rxb5 {½-½ (35) Fleck,J (2430)-Widmer,S (2198) Zuerich 2008}) 20... Qxb4+ 21. Qc3 Qxb2 22. Qxb2 Rxb2 23. O-O Ra8 24. Ra3 Rb3 25. Rfa1 Rab8 26. Kf1 $2 {[#]} (26. f4 $15) 26... Rxd3 $1 $19 {[%mdl 512]} 27. Rxd3 Bb5 28. Ke2 Rd8 $1 {[%cal Rd8d3]} 29. Raa3 $2 (29. Rxa4 Rxd3 30. Ra5 Rb3+ 31. Kd2) 29... Rxd3 {Schwarz steht klar auf Gewinn.} 30. Rxd3 a3 31. Kd2 Bxd3 {Precision: Weiß = 21%, Schwarz = 83%.} 0-1